Hỏi - đáp môn triết học Mác - Lênin
Gồm 52 câu hỏi kèm trả lời, đề cập đến những vấn đề cơ bản của triết học nhữnh quan điểm tư tưởng chủ yếu của triết học Tây Âu, Phương Đông, triết học Mác - Lênin qua các thười kỳ lịch sử
Gorde:
| Egile nagusia: | |
|---|---|
| Beste egile batzuk: | |
| Formatua: | Liburua |
| Hizkuntza: | Vietnamese |
| Argitaratua: |
H.
Đại học Quốc gia Hà Nội
2005
|
| Gaiak: | |
| Etiketak: |
Etiketa erantsi
Etiketarik gabe, Izan zaitez lehena erregistro honi etiketa jartzen!
|
| Thư viện lưu trữ: | Mạng thư viện Đại học Đà Nẵng |
|---|
| LEADER | 01514nam a2200373 4500 | ||
|---|---|---|---|
| 001 | 000006074 | ||
| 003 | 2228 | ||
| 005 | 20170309160327.0 | ||
| 008 | 110831s2005 viesd | ||
| 020 | |c 13000đ | ||
| 041 | 0 | |a vie | |
| 082 | |a 335.4 |b TR-P | ||
| 100 | 0 | |a Trần Văn Phòng | |
| 245 | 0 | |a Hỏi - đáp môn triết học Mác - Lênin |c Trần Văn Phòng (ch.b.), Nguyễn Thế Kiệt | |
| 260 | |a H. |b Đại học Quốc gia Hà Nội |c 2005 | ||
| 300 | |a 144 tr |c 19 cm | ||
| 520 | |a Gồm 52 câu hỏi kèm trả lời, đề cập đến những vấn đề cơ bản của triết học nhữnh quan điểm tư tưởng chủ yếu của triết học Tây Âu, Phương Đông, triết học Mác - Lênin qua các thười kỳ lịch sử | ||
| 653 | |a Triết học Mác - Lênin | ||
| 653 | |a Triết học | ||
| 653 | |a Triết học Phương Đông | ||
| 653 | |a Triết học Phương Tây | ||
| 700 | |a Trần Văn Phòng |e ch.biên | ||
| 700 | |a Nguyễn Thế Kiệt | ||
| 910 | |a Nguyễn Thị Kim Oanh |d 31/08/2011 | ||
| OWN | |a LSP | ||
| AVA | |a UDN50 |b LSP |d 335.4 TR-P |e available |t Error 5001 Not defined in file expand_doc_bib_avail. |f 9 |g 0 |h N |i 0 |k 1 | ||
| 999 | |a From the UDN01 | ||
| AVA | |a UDN50 |b LSP |d 335.4 TR-P |e available |t Error 5001 Not defined in file expand_doc_bib_avail. |f 9 |g 0 |h N |i 0 |k 1 | ||
| TYP | |a Monograph | ||
| TYP | |a Printed language | ||
| 980 | |a Mạng thư viện Đại học Đà Nẵng | ||